| 000 | 00382nam a2200145 a 4500 | ||
|---|---|---|---|
| 001 | 1832 | ||
| 003 | CDMR | ||
| 005 | 20130116135215.0 | ||
| 008 | 130130s1996||||||||||||||||||||||||||||d | ||
| 040 |
_aCDMR _bcat _cCPC GIRONA |
||
| 100 | 1 |
_aTuson, Jesús _91368 |
|
| 245 | 1 | 0 |
_aL'escriptura _bUna introducció a la cultura alfabètica _cTuson, Jesús |
| 260 |
_c1996 _bEmpúries |
||
| 942 | _cMON | ||
| 999 |
_c1832 _d1832 |
||